| 000 | 00356nam a2200145 i 4500 | ||
|---|---|---|---|
| 001 | bg | ||
| 100 | 1 | _aPETROVSKIJ, S. O. | |
| 245 | 0 |
_aNaukowa organizacja produkcji / _cS.O. Petrovskij, G.M. Pyżik. |
|
| 260 |
_aWarszawa, _c1973. |
||
| 700 | 1 | _aPYŻIK, G. M. | |
| 040 | _cBPK | ||
| 041 | _apol | ||
| 942 | _cKS | ||
| 008 | s pl f |000 0 pol | ||
| 999 |
_c9991 _d9991 |
||
| 856 |
_uhttp://koha.tu.koszalin.pl/cgi-bin/koha/opac-detail.pl?biblionumber=9991 _yKatalog online BPK |
||